Mzda podle zásluhy

Gespeichert in:
Bibliographische Detailangaben
Format: Buch
Sprache:Slowakisch
Veröffentlicht: Brno-Banská Bystrica Komenium 1948
Tags: Tag hinzufügen
Keine Tags, Fügen Sie das erste Tag hinzu!

MARC

LEADER 00000nam a2200000 4500
001 0267851
005 20240822101710.7
041 0 |a slo 
044 |a CZ 
245 1 0 |a Mzda podle zásluhy  |c A.V. Obst 
264 1 |a Brno-Banská Bystrica  |b Komenium  |c 1948